| 000 | 00945nam a22001937a 4500 | ||
|---|---|---|---|
| 008 | 100707t ua|||||r|||| 00| 0 ara d | ||
| 082 |
_222 _a324.62 _bا ن ت |
||
| 245 |
_aالانتخابات البرلمانية في مصر : _b /درس انتخابات 1987 _cالمشاركون فؤاد مرسي [...وآخ] ؛ المحرر أحمد عبد الله |
||
| 260 |
_aالقاهرة : _bدار سينا ، 1990 _c1990 |
||
| 300 |
_a372 ص ; _c20 سم |
||
| 541 |
_aالف باء ؛ _cشراء ؛ |
||
| 650 |
_916151 _aالانتخابات _zمصر |
||
| 650 |
_916152 _aالانتخابات المحلية |
||
| 650 |
_916150 _aالتصويت |
||
| 700 |
_915995 _aمرسي، فؤاد |
||
| 700 |
_915994 _aعبدالله، احمد _eمحرر |
||
| 942 |
_2ddc _cBB |
||
| 999 |
_c14414 _d14414 |
||